00434nam a2200121Ia 4500008004100000245007400041245002100115260000900136650002400145856005100169999001900220952007300239171204s9999 xx 000 0 und d aStarting a Successful Practice in Clinical Psychology and Counseling: cOwen J. Bargreen c2013 xCLINICAL PSYCHOLOGY uhttp://down.ebook777.com/048/9780415832953.pdf c346417d346417 001040aCLbCLd2017-12-04l0r2017-12-04 00:00:00w2017-12-04yCBE